Historia de la Filosofía. Tomo I: Antigüedad, edad media, renacimiento
Salvato in:
| Autore principale: | |
|---|---|
| Natura: | Libro |
| Lingua: | Spanish |
| Pubblicazione: |
Barcelona, España
Editorial Herder
1994
|
| Edizione: | Decimocuarta edición |
| Soggetti: | |
| Tags: |
Aggiungi Tag
Nessun Tag, puoi essere il primo ad aggiungerne!!
|
MARC
| LEADER | 00000nam a2200000Ia 4500 | ||
|---|---|---|---|
| 008 | 170316s9999 xx 000 0 spa d | ||
| 040 | |a cru BVZT | ||
| 090 | |a H-100 H-1h v.2 | ||
| 100 | |a Hirschberger, Johannes | ||
| 245 | |a Historia de la Filosofía. Tomo I: Antigüedad, edad media, renacimiento |c Hirschberger, Johannes | ||
| 250 | |a Decimocuarta edición | ||
| 260 | |a Barcelona, España | ||
| 260 | |b Editorial Herder | ||
| 260 | |c 1994 | ||
| 300 | |a 598 páginas. Tomo II | ||
| 650 | |a FILOSOFÍA |9 5 | ||
| 650 | |a HISTORIA |9 90 | ||
| 650 | |a ANTIGÜEDAD | ||
| 650 | |a EDAD MEDIA | ||
| 650 | |a RENACIMIENTO | ||
| 999 | |c 28922 |d 28922 | ||
| 942 | |c SALA |h H-100 H-1h v.2 |2 z | ||
